000 02468cam a22002294a 4500
005 20250605163944.0
008 250528s ||||||||||||||||||||||||d
035 _a15162
020 _a72282827
040 _aGR-AtMCL
_bgre
_dGR-AtMCL
_eAACR2
245 1 _aInternational Management / Culture, Strategy, and Behavior
250 _a4th
260 _bIrwin Mcgraw-Hill,
_c2000
300 _a598
505 0 _aEnvironmental Foundation, Worldwide Developments, The Political and Legal and Technological Environment, Global Competitiveness, Ethics and Social Responsibility, The Role of Culture, The Meanings and Dimensions of Culture, Managing Across Cultures, Organizational Cultures and Diversity, Intercultural Communication, International Strategic Management, Strategic Planning, Managing Political Risk and Negotiations, Organizing International Operations, Decision Making and Controlling, Organizational Behavior and Human Resource Management, Motivation Across Cultures, Leadership Across Cultures, Human Resource Selection and Repartiation, Human Resource Development Acrooss Cultures, Labor Relations and Industrial Democracy, Skill Building: Experiential Exercises for International Management, The Culture Quiz, Using Gung Ho to Uderstand Cultural Differences, When in Bogota, The International Cola Alliance, Who to Hire?, References, Glossary, Index.
520 _aEnvironmental Foundation, Worldwide Developments, The Political and Legal and Technological Environment, Global Competitiveness, Ethics and Social Responsibility, The Role of Culture, The Meanings and Dimensions of Culture, Managing Across Cultures, Organizational Cultures and Diversity, Intercultural Communication, International Strategic Management, Strategic Planning, Managing Political Risk and Negotiations, Organizing International Operations, Decision Making and Controlling, Organizational Behavior and Human Resource Management, Motivation Across Cultures, Leadership Across Cultures, Human Resource Selection and Repartiation, Human Resource Development Acrooss Cultures, Labor Relations and Industrial Democracy, Skill Building: Experiential Exercises for International Management, The Culture Quiz, Using Gung Ho to Uderstand Cultural Differences, When in Bogota, The International Cola Alliance, Who to Hire?, References, Glossary, Index.
700 1 _aHodgetts Richard M
_9970
700 1 _aLuthans Fred
_91021
942 _cBK
999 _c756
_d756